| 000 | 00536nam a2200193Ia 4500 | ||
|---|---|---|---|
| 001 | 5083 | ||
| 003 | GE_BSU | ||
| 008 | 181216s||||||||xx |||||||||||||| ||und|| | ||
| 040 | _cGE_BSU | ||
| 080 | _a51 | ||
| 100 | _aВиленкин, Н.Я | ||
| 245 | _aМетод последовательных приближений | ||
| 245 | _cРед.М.М.Горячая | ||
| 260 | _aМосква | ||
| 260 | _c1961. | ||
| 300 | _a63 с20 см. | ||
| 653 | _aМетод последовательных приближений | ||
| 942 | _cBK | ||
| 999 |
_c38753 _d38753 |
||